000
003200000a22001450004500
003
MACL
040
_a
MACL
090
_c
35556
_d
35554
100
_a
Jain, M p
245
_a
Outlines of Indian Legal History
260
_b
The Universal Book And Statinrery
350
_a
18
650
_a
History
942
_c
BOOK
_k
900/Jai
999
_c
35183
_d
35183